Statistics for Music Trivia: Classical Composer Geography

Click here to take the quiz!

General Stats

  • This quiz has been taken 935 times
    (890 since last reset)
  • The average score is 11 of 15

Answer Stats

Composer's nameModern name for the country of each composer's birth% Correct
J.S. BachGermany
99%
SchubertAustria
97%
BizetFrance
95%
ChopinPoland
94%
ScriabinRussia
89%
BrittenUK
88%
SibeliusFinland
87%
GriegNorway
85%
IvesUnited States of America
79%
XenakisGreece
67%
MahlerCzechia
57%
Villa-LobosBrazil
56%
PiazzollaArgentina
49%
PartEstonia
40%
KhachaturianGeorgia
40%

Score Distribution

Percentile by Number Answered

Percent of People with Each Score

Your Score History

You have not taken this quiz since the last reset